• 首页
  • 本馆介绍
  • 公告通知
  • 最新文献
  • 馆藏检索
  • 电子资源
  • 读者导购
  • 参考咨询
  • 我的图书馆
  • 登录
  • 详细信息显示
  • 放入我的书架
  • 预约/预借图书
  • 作者相关作品
  • 分类相关作品
  • 丛书相关作品
  • 出版社相关作品

书目信息

  • 表格格式
  • 工作单格式
  • 卡片格式
题名:
智力与学习
    
 
作者: 燕国材 编著
分册:  
出版信息: 北京   教育科学出版社  1981
页数: 182页
开本: 19cm
丛书名:
单 册:
中图分类: G40-013 , G40
科图分类:
主题词: 智育
电子资源:
ISBN:
000 00634nam0 2200253 45
001 0181007241
005 20040428155015.9
010    @dCNY0.53
091    @a7232.81
100    @a19950703d1981 em y0chiy0121 ea
101 0  @achi
102    @aCN@b110000
105    @ay z 000yy
106    @ar
200 10 @a智力与学习@Azhi li yu xue xi@f燕国材编著
210    @a北京@c教育科学出版社@d1981@h1982印
215    @a182页@d19cm
606    @a智育
690    @aG40-013@v3
690    @aG40
701  0 @a燕国材@Ayan guo cai@4编著
801  0 @aCN@b上海图书馆@c20040428
801  2 @aCN@bNLC@c20040428
905    @f5@b105089-093@dG40@e54
    
    智力与学习/燕国材编著.-北京:教育科学出版社,1981(1982印)
    182页;19cm
    
    
    ISBN :CNY0.53
    
●
相关链接 在E读中查询图书 在五车中查询图书 在当当中查询图书 在豆瓣中查询图书


正题名:智力与学习     索取号:G40/54         预约/预借

序号 登录号 条形码 馆藏地/架位号 状态 备注
1 0105089   000286176   密集书库/ [索取号:G40/54] 在馆    
2 0105090   000286229   密集书库/ [索取号:G40/54] 在馆    
3 0105091   000286185   密集书库/ [索取号:G40/54] 在馆    
4 0105092   000286247   密集书库/ [索取号:G40/54] 在馆    
5 0105093   000286238   密集书库/ [索取号:G40/54] 在馆    
6 0105094   000286201   第一样本阅览室/ [索取号:G40/54] 在馆    
唐山师范学院图书馆 欢迎您!
大连网信软件有限公司© 版权所有